| 000 | 01726cad a22002535a 4500 | ||
|---|---|---|---|
| 001 | L149108 | ||
| 008 | 100112s20100112xxkd f s f000 0 eng d | ||
| 020 | _a9781409821632 | ||
| 035 | _a(Sirsi) u149108 | ||
| 041 | 0 | _aeng | |
| 050 | 0 | 4 | _a333.33 $2 18 |
| 110 | 1 |
_aUnited Kingdom _bDepartment for Communities and Local Government _94939 |
|
| 245 | 0 | 0 |
_aHouse price index _bNovember 2009 _h[electronic resource] |
| 260 |
_aLondon _bDCLG _c2010 |
||
| 490 | 0 |
_aDCLG House Price Index _vNovember 2009 |
|
| 520 | _aFinds that UK house prices have increased by 0.6% since November 2008 and 1.7% higher than in October 2009. The mix-adjusted average house price was £200 454 in November 2009 (not seasonally adjusted). UK house prices rose by 3.5% in the quarter ending November 2009 compared with a smaller rise of 2.6% in the quarter ending August 2009 (seasonally adjusted). Annual average house prices rose by 0.6% in England, 2.4% in Scotland and 2.2% in Wales but fell in Northern Ireland by 11.6%. Annual average house prices paid by first time buyers in October 2009 were 3.91% higher than a year ago. By comparison average house prices paid by former owner occupiers were 0.7% lower. Annual average house prices paid for new properties in October 2009 were 0.7% lower than a year ago. By comparison average house prices paid on pre-owned dwellings were 0.7% higher. | ||
| 521 | _aAdvanced | ||
| 590 | _aKA NTK | ||
| 650 | 2 | 4 | _aDCLG HOUSE PRICE INDEX |
| 651 | 4 |
_aUnited Kingdom _y |
|
| 690 | _aPROPERTY-RESIDENTIAL PROPERTY-RESIDENTIAL PROPERTY MARKET | ||
| 856 | 4 | 0 |
_uhttps://www.communities.gov.uk/publications/corporate/statistics/hpi112009 _zView the item free of charge at www.communities.gov.uk... |
| 942 | _n0 | ||
| 999 |
_c110372 _d110372 |
||